000 00745nam a22002657a 4500
005 20241129180308.0
008 180810b2016 xxu||||| |||| 00| 0 spa d
020 _a9788490859254
041 _aESP
082 _a346.013 M843d
100 _aMoreno Rodríguez, Ricardo
_949081
100 _aSánchez Torres, Manuel
_949082
100 _aDíaz Vega, Miriam
_949057
245 _aDiscapacidad vs Empleo: aspectos a considerar para la inclusión en el empleo ordinario
260 _aEspaña
260 _bDykinson
260 _c2016
300 _a198 páginas
650 _aDISCAPACIDAD
650 _aACCIÓN SOCIAL
650 _aINCLUSIÓN LABORAL
650 _aREFORMA LABORAL
650 _aINSERCIÓN LABORAL
942 _cBK
_2ddc
999 _c10989
_d10989